La curiosa preistoria e storia della pillola /

محفوظ في:
التفاصيل البيبلوغرافية
المؤلف الرئيسي: Green, Shirley (مؤلف)
التنسيق: كتاب
اللغة:الإيطالية
منشور في: Roma, L'Airone,1973
الموضوعات:
الوسوم: إضافة وسم
لا توجد وسوم, كن أول من يضع وسما على هذه التسجيلة!

MARC

LEADER 00000nam a22000007i 4500
001 IT\ICCU\RMS\1550254
003 ItRI
005 20250221092045.0
008 060510s1973 it |||||| ||||| |||||c
040 |b ita  |c ARCIGAY RIMINI 
041 7 |a ita  |2 ISO-639-2 
100 1 |a Green, Shirley  |0 IT\ICCU\RMSV\635042  |4 aut 
245 1 2 |a La curiosa preistoria e storia della pillola /  |c Shirley Green. 
260 |a Roma,  |c L'Airone,1973 
300 |a 228 p. ;  |c 20 cm 
650 7 |a Antifecondativi  |2 scbi 
942 |2 ddc  |c BK 
952 |0 0  |1 0  |2 ddc  |4 0  |6 990_000000000000000_GRE_CUR  |7 1  |9 3332  |a RN  |b RN  |d 2025-02-21  |e DONO RIMONDINI  |l 0  |o 990 GRE CUR  |p 10591  |r 2025-02-21 09:22:16  |w 2025-02-21  |y BK 
981 1 |6 z01  |a i   |b xxxe  
982 1 |6 z01  |a n 
999 |c 2646  |d 2646